• 首页
  • 本馆介绍
  • 公告通知
  • 最新文献
  • 馆藏检索
  • 电子资源
  • 读者导购
  • 参考咨询
  • 我的图书馆
  • 登录
  • 详细信息显示
  • 放入我的书架
  • 预约/预借图书
  • 作者相关作品
  • 分类相关作品
  • 丛书相关作品
  • 出版社相关作品

书目信息

  • 表格格式
  • 工作单格式
  • 卡片格式
题名:
摄像技巧与节目制作
    
 
作者: 胡友琛 编著
分册:  
出版信息: 上海   同济大学出版社  1996
页数: 228页
开本: 20cm
丛书名:
单 册:
中图分类: J931
科图分类:
主题词: 电视摄影-摄影技术 , 摄影技术-电视摄影 , 电视摄像机
电子资源:
ISBN: 7-5608-1627-4
000 00727nam0 2200253 45
001 0196028149
005 20051104085849.46
010    @a7-5608-1627-4@dCNY12.00
092    @aCN
100    @a19960725d1996 em y0chiy0121 ea
101 0  @achi
102    @aCN@b310000
105    @ay z 000yy
200 10 @a摄像技巧与节目制作@Ashe xiang ji qiao yu jie mu zhi zuo@f胡友琛编著@Fhu you chen bian zhu
210    @a上海@c同济大学出版社@d1996
215    @a228页@d20cm
540 1  @a摄像 节目制作@ASHE XIANG JIE MU ZHI ZUO
606    @a电视摄影-摄影技术
606    @a摄影技术-电视摄影
606    @a电视摄像机
690    @aJ931@v4
701  0 @a胡友琛@Ahu you chen@4编著
801  0 @aCN@bTSSF@c20051104
905    @a10447@dJ931@e112
    
    摄像技巧与节目制作/胡友琛编著.-上海:同济大学出版社,1996
    228页;20cm
    
    
    ISBN 7-5608-1627-4:CNY12.00
    
●
相关链接 在E读中查询图书 在五车中查询图书 在当当中查询图书 在豆瓣中查询图书


正题名:摄像技巧与节目制作     索取号:J931/112         预约/预借

序号 登录号 条形码 馆藏地/架位号 状态 备注
1 0337695   203376952   第一样本阅览室/ [索取号:J931/112] 在馆    
唐山师范学院图书馆 欢迎您!
大连网信软件有限公司© 版权所有